MDQL
is popping MORE tags! Check the
thread
!
Quizzes
Events
Quiz Creation
Community
Videos
Private Events
Remove Ads
Sign In
Join for FREE
Feedback
Dark Mode
Quiz Categories
Sports
Geography
Music
Movies
Television
Just For Fun
Miscellaneous
History
Literature
Language
Science
Gaming
Entertainment
Religion
Holiday
For Kids
Quiz Lab
Recent
Popular Today
Quiz Kudos Today
Editor Picks
Curator Picks
Quizzes by...
Day
Popularity
Type
Ratings
Length
Year
Community
Subscriptions
Recent Discussions
Orange Saloon
Badges
Playlists
Quests
Create
Leaderboards
Showdown
Live 5
Trivia Bingo
Activity
Puzzle Library
Sporcle Events
Private Events
Virtual Trivia
Globe League
Become a Host
Pub Owners
SporcleCon
Opinionation
Our Games
Videos
Blog
Mobile Apps
Partnerships
Remove Ads and Go Orange
Feedback
Just For Fun
Clickable
Get the Picture
Humor
Quick Pick
Word Ladder
Missing Word
Mixed Word
Blitz
Minefield
This or That
Alphabet
Color
Typing
Sporcle
Puzzle
Word Play
Follow That Line
Logic
Just For Fun
Clickable
Get the Picture
Humor
Quick Pick
Word Ladder
Missing Word
Mixed Word
Blitz
Minefield
This or That
Alphabet
Color
Typing
Sporcle
Puzzle
Word Play
Follow That Line
Logic
Random Quiz
Search Sporcle
×
Quiz Lab
Quiz Lab
Just For Fun
College
Type in answers that appear in a list
Type in answers that appear in a list
Classic
Best Score? Go Orange.
College Names by Riddle Stats
Can you name the College Names by Riddle?
By
mboland40
5m
15 Questions
373 Plays
373 Plays
373 Plays
Comments
Comments
Give Quiz Kudos
Give Quiz Kudos
-
- Ratings
hide this ad
Replay
Link that replays current quiz
Next Quiz
Link to next quiz in quiz playlist
You Got
0%
They Got
Avg Score
30%
Avg Friend Score
Upgrade to see
Score Distribution
Jump to the score distribution portion of the page
Score
0/15
Timer
05:00
0
Plays Today
Riddle
Colleges
% Correct
Toothpaste company
Colgate
76.4%
Jewish worship building
Temple
70%
Popular Waterfall
Niagra
51.7%
Animal of the Great Plains
Buffalo
46.1%
American car company + type of meat
Fordham
45.6%
Lawn bowling
Bowling Green
42.9%
Popular Asian food
Rice
37.8%
Type of soup
Campbell
32.2%
Riddle
Colleges
% Correct
Relating to the mouth of 'Robert'
Oral Roberts
22.5%
Greek city
Troy
11.8%
The college of evil characters
Villanova
10.2%
Climax
High Point
4.8%
Wrong City
Wright State
4.6%
Medeival Royalty
Duke, Princeton
2.1%
Standing Room
Seton Hall
1.9%
Quiz Playlist
Details
Report
Send in Message
Add To Playlist
Classic:
Type in answers that appear in a list
Last Updated: Feb 16, 2017
Quiz Scoreboard
CHALLENGE
Sign Up to Join the Scoreboard
Show All
Scores
Hide
Comments
May contain spoilers
Recently Published
5x2 Blitz: Bands
by SL_Kpop136
Music
30s
Colored Red Africa Blitz
by spor1
Geography
30s
Find the 'City' Movie
by crazypaving
Movies
60s
More to Explore
Quiz From the Vault
Featured Blog Post
14 Easter Pick-up Lines to Find Eggs With
hide this ad
You Might Also Like...
Tags
College Quiz
riddle
Today's Top Quizzes in Just For Fun
Browse Just For Fun
hide this ad
Today's Top Quizzes in College
Browse College
Top Contributed Quizzes in Just For Fun
1
Avatar the Last Airbender: Logic Puzzle
2
Name Just One - 10 to 1: Just For Fun
3
Missing Word: 2-Letter A-Z II
4
Missing Letter Whitney Houston Songs
5
Survivor Winners Logic Puzzle
6
Shadowhunters Protagonists Logic Quiz
7
Quick 5-Color Logic (18)
8
Medium Renzoku Puzzle 11
9
It's Magic / Witchcraft 🎩🪄🧙♀️
10
Killer Double Trees 224 - Colour Match-Up
Explore More
Trending Topics
NBA
Kpop
Disney
Anime
Crossword
Marvel
Harry Potter
The Office
NFL
Pokémon
Song
Soccer
WWE
Puzzle
Country
hide this ad
More By:
mboland40
Quiz
Plays
Rating
Category
Featured
Created
College Names by Riddle
373
1.58
Just For Fun
Mar 31, 2010
Go to Creator's Profile
Score Distribution
Quiz Creator Spotlight
mboland40
Follow
Send a Message
Quizzes Created
-
Created Quiz Play Count
-
More By This Creator
Popular Quizzes Today
1
Colored Red Africa Blitz
2
Find the 'City' Movie
3
Find the US States - No Outlines Minefield
4
5x2 Blitz: Bands
5
The Countries of the World
6
Find the US States
7
US States
8
9x9 Crossword: Cartoon Network
More Just For Fun Quizzes
Get the Picture: Cartoon Cats
Published
Trending Quizzes
Colored Red Europe Blitz I
Colored Red Europe Blitz II
Colored Red Africa Blitz II
Colored Red Europe Blitz III
Colored Red Africa Blitz III
Recently Updated
How Do You Spell That?
pecheneg
Godzilla Movies
pecheneg
Grab Bag: 4-10 Letters
pecheneg
2024 March Madness Bracket
pecheneg
Famous TV Couples
Peacemaker
Champions League XIs: Real Madrid
pecheneg
Largest US Cities 1790-2010
pecheneg
Rides in Walt Disney World
pecheneg
Most Oscar Losses (Acting)
pecheneg
Beyoncé Albums
pecheneg
Trending Topics
Marvel
Disney
Kpop
Anime
Crossword
NBA
Harry Potter
NFL
Pokémon
Country
WWE
Soccer
The Office
Puzzle
Song
Your Account Isn't Verified!
In order to create a playlist on Sporcle, you need to verify the email address you used during registration. Go to your
Sporcle Settings
to finish the process.
Report this User
Report this user for behavior that violates our
Community Guidelines
.
Details:
Send Report
Go to the Sporcle.com Mobile Site →
Comments